00786nam a22001697a 4500999001500000008004100015020001800056100001900074245014500093260004000238300001800278650003200296942001500328952009100343952009100434952009100525 c6842d6842200331b ||||| |||| 00| 0 eng d a1-884122-12-4 aRODENBURG,Eric aGlobal Environment FacilitybEnvironmental Indicators for Global CooperationcEric Rodenburg, Dan Tunstall and Frederik Van BolhuishEnglish aDar Es SalaambThe World Bankc1995 avi,36p.c26cm 2Global Environment Facility 2ddccBOOKS 00102ddc4070a3000b3000d2020-03-31l0p10000001584r2020-03-31w2020-03-31yBOOKS 00102ddc4070a3000b3000d2020-03-31l0p10000002353r2020-03-31w2020-03-31yBOOKS 00102ddc4070a3000b3000d2020-03-31l0p10000002354r2020-03-31w2020-03-31yBOOKS